000
00344nam a2200145Ia 4500
008
221030s9999 xx 000 0 und d
041
_a
English
082
_a
105.23
100
_a
N. P. Bali
245
2
_a
A Text Book of Engineering Mathematics
_c
by N. P. Bali, A. Saxena
260
_c
0
650
_a
B
700
_a
A. Saxena
942
_c
BK
999
_c
11796
_d
11796